Представление документа в формате RUSMARC

ПолеНазваниеЗначение
  Тип записи a
  Библиографический уровень m
001 Контрольный номер RU/SLIB/B/208742540
005 Дата корректировки 20211224162505.2
010 Индекс ISBN __
d Цена 0-25
100 Данные общей обработки __
a Данные общей обработки 20211224d1988 ma y0rusy028902 ca
101 Язык документа 0_
a Язык текста rus
102 Страна публикации __
a Страна публикации RU
105 Кодированные данные (монография) __
a Кодированные данные (монография) y z 000yy
181 Поле кодированных данных: вид содержания _0
a Код вида содержания (ISBD) i
182 Поле кодированных данных: тип средства _0
a Код типа средства (ISBD) n
200 Заглавие и сведения об ответственности 1_
a Заглавие Черная смородина в Сибири: технология выращивания, заготовка и переработка
b Общее обозначение материала Текст
210 Выходные данные 1_
a Место издания М.
c Издательство Росагропромиздат
d Дата издания 1988
215 Физическое описание __
a Объем 96 с.
606 Тематические рубрики __
a Основная рубрика Сельское хозяйство
606 Тематические рубрики __
a Основная рубрика Садоводство в целом
606 Тематические рубрики __
a Основная рубрика Ягодоводство
610 Ключевые слова 0_
a Ключевые слова смородина; черная смородина; переработка ягод; переработка смородины
686 Индексы других классификаций __
a Классификационный индекс 42.358
700 Автор _1
a Фамилия Северин
b Имя В. Ф.
4 Код отношения 070
801 Источник записи _0
a Страна RU
b Организация Муниципальное бюджетное учреждение культуры "Централизованная библиотечная система" г. Сургут (Центральная городская библиотека им. А. С. Пушкина)
g Правила каталогизации КиК/Елгина
801 Источник записи _1
a Страна RU
b Организация Муниципальное бюджетное учреждение культуры "Централизованная библиотечная система" г. Сургут (Центральная городская библиотека им. А. С. Пушкина)
g Правила каталогизации КиК/Елгина
852 Данные о местонахождении __
j Шифр хранения 42.358
c Каталожный индекс 42.358
i Авторский знак С 28
p Инвентарный номер 43203
901 Тип документа __
t Тип документа m
990 Данные о заказе (DOS) __
j Количество экземпляров (DOS) 1